01370nam a2200277 i 4500001001000000003000900010005001700019007000300036008004100039040003000080041000800110082002700118110007700145240001800222245022000240264005500460300002700515336002700542337003300569338002800602942001300630952015000643952013800793952014400931999001701075000028907DO-SdBNP20260119081133.0ta110412d2004 dr r 000 0 spa d aDO-SdBNPbspacBNPHUerda aspa 4a347.05bR426m 20042221 aRepública DominicanabPoder JudicialcSuprema Corte de Justicia95571210a[Leyes, etc.]10aMedidas anticipadas a la vigencia del nuevo código para el sistema de protección y los derechos fundamentales de los niños y niñas adolescentes :bley 136-03 (resolución 602-2004), (resolución 699-2004). 1aSanto Domingo :bSuprema Corte de Justicia,c2004. a45 páginas ;c22 cm. atextobtxt2rdacontent asin mediaciónbn2rdamedia avolumenbnc2rdacarrier 2ddccLF2 00102ddc56708DSaBNPHUbBNPHUcCTd2011-04-12l0oBNPHU DS 347.05 R426m 2004p28907-30r2020-06-25te. 3w2020-06-25yLF2ZPréstamo en sala 00102ddc51708PDaBNPHUbBNPHUcCTd2011-04-12l0oBNPHU PD 347.05 R426m 2004p28907-10r2020-06-25w2020-06-25yLF2ZNo se presta 00102ddc51708PDaBNPHUbBNPHUcCTd2011-04-12l0oBNPHU PD 347.05 R426m 2004p28907-20r2020-06-25te. 2w2020-06-25yLF2ZNo se presta c28399d28399